Retail (Record no. 80553)

MARC details
000 -LEADER
fixed length control field 01047cab a22001935a 4500
001 - CONTROL NUMBER
control field L144695
008 - FIXED-LENGTH DATA ELEMENTS--GENERAL INFORMATION
fixed length control field 080805e20080804xxkad f s 000 0 eng d
035 ## - SYSTEM CONTROL NUMBER
System control number (Sirsi) u144695
041 0# - LANGUAGE CODE
Language code of text/sound track or separate title eng
110 2# - MAIN ENTRY--CORPORATE NAME
Corporate name or jurisdiction name as entry element EuroProperty
9 (RLIN) 1216
245 00 - TITLE STATEMENT
Title Retail
260 ## - PUBLICATION, DISTRIBUTION, ETC.
Date of publication, distribution, etc. 2008
490 #0 - SERIES STATEMENT
Series statement EuroProperty
Volume/sequential designation 4 August 2008, 27-22(7)
520 ## - SUMMARY, ETC.
Summary, etc. Discusses the changing retail market in Europe. Explains that total transactions have fallen from €13bn to €7.5bn. However, shopping centres and retail parks have significant increases in activity, albeit at slower completion times. Explains how the downturn will affect out-of-town parks accessible by car first. Reports on how Polish out-of-town schemes are thriving as central and eastern European retail continues to grow. Reports on the improving French retail warehouse market; impending sell-offs for Spanish landlords; why transaction volumes are up in Finland.
590 ## - LOCAL NOTE (RLIN)
Local note KA
651 #4 - SUBJECT ADDED ENTRY--GEOGRAPHIC NAME
Geographic name Europe
690 ## - LOCAL SUBJECT ADDED ENTRY--TOPICAL TERM (OCLC, RLIN)
Topical term or geographic name as entry element PROPERTY-COMMERCIAL PROPERTY-RETAIL PROPERTY-RETAIL PROPERTY MARKET
942 ## - ADDED ENTRY ELEMENTS (KOHA)
Suppress in OPAC 0
Holdings
Withdrawn status Lost status Source of classification or shelving scheme Damaged status Not for loan Home library Current library Shelving location Date acquired Total Checkouts Full call number Barcode Date last seen Copy number Price effective from Koha item type
    Dewey Decimal Classification     London London Journal article 05/08/2008   L144695 144695-1001 06/08/2019 1 06/08/2019 Journal article